| 000 | 00463nam a2200145Ia 4500 | ||
|---|---|---|---|
| 008 | 190925s9999 xx 000 0 und d | ||
| 020 | _a978-0-13-515311-6 | ||
| 100 | _aDessler, Gary | ||
| 245 |
_cGary Dessler.-- _aHuman resource management / |
||
| 250 | _a11th ed. | ||
| 260 |
_aUpper Saddle River, N.J. : _bPrentice Hall _c2008 |
||
| 300 |
_a675 pages : _bcolored illustrations |
||
| 500 | _aIncludes appendices and index | ||
| 650 | _a Personnel management. | ||
| 999 |
_c362217 _d362217 |
||